Missing Word: Poetry Quiz Stats

 Plays Quiz Updated Feb 19, 2020

Support Sporcle.
Go Orange.
Score 0/16 Timer 04:00
0 Plays Today
Line Missing word % Correct
How do I ____ thee? Let me count the ways Love
92.3%
No ___ is an islandMan
86.9%
Shall I compare thee to a _______ daySummer's
82.8%
Once upon a ________ drearyMidnight
73%
Into the valley of _____Death
71.8%
_____, _____, every whereWater
65.9%
Of Man's first disobedience, and the _____ of that forbidden treeFruit
65.4%
O _______! My _______! Our fearful trip is doneCaptain
59.4%
Line Missing word % Correct
If you can keep your ____ when all about you are losing theirs Head
53.5%
I carry your _____ with meHeart
51.7%
I _____ that I shall never see Think
50%
I wandered ______ as a cloudLonely
49.2%
By the _____ of Gitchie GumeeShores
42.5%
Do not go ______ into that good nightGentle
42.5%
Two roads diverged in a ______ woodYellow
34.3%
'Twas brillig, and the ______ tovesSlithy
31.3%

Today's Daily Dose

Missing Word
1880s A-Z

Get the Picture
Scooby-Doo Gang

You're not logged in!

Compare scores with friends on all Sporcle quizzes.
OR
Log In

From the Vault

Catholic Objects and Symbols

by beforever

This religion quiz is second to nun!
Remove Ads.
Support Sporcle.
Get the best of Sporcle when you Go Orange. This ad-free experience offers more features, more stats, and more fun while also helping to support Sporcle. Thank you for becoming a member.

Show Comments

Extras

Top Quizzes Today


Score Distribution

Your Account Isn't Verified!

In order to create a playlist on Sporcle, you need to verify the email address you used during registration. Go to your Sporcle Settings to finish the process.

Report this User

Report this user for behavior that violates our Community Guidelines.

Details: